[Event "Madrid ch Veteranos 2018-2019"]
[Site "Madrid ESP"]
[Date "2019.01.15"]
[Round "7.24"]
[White "Perez Ramos, Miguel Angel"]
[Black "Ramos Antona, Enrique"]
[Result "0-1"]
[WhiteElo "1131"]
[BlackElo "1561"]
[PlyCount "104"]
[EventDate "2019.01.07"]
[EventType "swiss"]
[EventRounds "9"]
[EventCountry "ESP"]
[SourceTitle "Ajedrez en Madrid"]
[Source "lmi"]
[SourceDate "2019.01.07"]
[SourceVersion "1"]
[SourceVersionDate "2019.01.22"]
[SourceQuality "1"]

1. e4 d6 2. d4 Nf6 3. Nc3 g6 4. Be2 Bg7 5. Nf3 O-O 6. O-O Bg4 7. d5 c6 8. Be3
Qc7 9. Qd2 Nbd7 10. Nd1 Nxe4 11. Qb4 Nef6 12. Nc3 Ne5 13. Nxe5 Bxe2 14. Nxe2
Nxd5 15. Qd2 Nxe3 16. Qxe3 Bxe5 17. c3 Bg7 18. Rfe1 e5 19. Ng3 f5 20. Qd2 Rad8
21. b4 a6 22. a3 Qf7 23. Rf1 Qc4 24. Ne2 Qh4 25. Rae1 Rfe8 26. Kh1 d5 27. g3
Qf6 28. f3 d4 29. c4 b5 30. c5 Qf7 31. Qd3 Qc4 32. Nc1 Qxd3 33. Nxd3 e4 34.
fxe4 fxe4 35. Nf4 d3 36. Ng2 Bb2 37. Rf4 d2 38. Rd1 Bxa3 39. Ne3 Bxb4 40. Ng4
Bc3 41. Kg2 Kg7 42. Kf2 Rf8 43. Ke3 Rxf4 44. gxf4 h5 45. Nf2 Bd4+ 46. Ke2 Bxc5
47. Nxe4 Bb4 48. Ng5 Re8+ 49. Kd3 Re1 50. Rxd2 Bxd2 51. Kxd2 Rh1 52. Nf3 c5 0-1

[Event "Madrid ch Veteranos 2018-2019"]
[Site "Madrid ESP"]
[Date "2019.01.15"]
[Round "7.25"]
[White "De Juan Rivas, Antonio"]
[Black "Infante Martin, Alonso"]
[Result "0-1"]
[WhiteElo "1560"]
[BlackElo "1348"]
[PlyCount "94"]
[EventDate "2019.01.07"]
[EventType "swiss"]
[EventRounds "9"]
[EventCountry "ESP"]
[SourceTitle "Ajedrez en Madrid"]
[Source "lmi"]
[SourceDate "2019.01.07"]
[SourceVersion "1"]
[SourceVersionDate "2019.01.22"]
[SourceQuality "1"]

1. d4 d5 2. Bf4 e6 3. e3 c6 4. Nf3 Nf6 5. Nbd2 Bd6 6. Bg3 Bxg3 7. hxg3 h6 8.
Bd3 Nbd7 9. c3 Qc7 10. Ng5 Nf8 11. Ndf3 Rg8 12. Nh3 g5 13. Ne5 Ng6 14. Bxg6
fxg6 15. Qc2 Ne4 16. Ng1 Qg7 17. Ne2 h5 18. f3 Nd6 19. b3 Nf5 20. Qd3 Bd7 21.
e4 Nd6 22. exd5 exd5 23. Qe3 O-O-O 24. Qxg5 Bf5 25. Nf4 Rde8 26. Kd2 Nf7 27.
Nxf7 Qxf7 28. Rae1 Rxe1 29. Rxe1 Kd7 30. g4 hxg4 31. fxg4 Be4 32. Re2 Rf8 33.
g3 Qf6 34. Qh4 Qxh4 35. gxh4 Rxf4 36. h5 gxh5 37. gxh5 Rh4 38. Rf2 Rxh5 39.
Rf7+ Kc8 40. a4 a6 41. a5 Rh3 42. Rf8+ Kc7 43. Rf7+ Kb8 44. c4 Rd3+ 45. Ke2
Rxb3 46. cxd5 Bxd5 47. Rf4 Ra3 0-1

[Event "Madrid ch Veteranos 2018-2019"]
[Site "Madrid ESP"]
[Date "2019.01.15"]
[Round "7.26"]
[White "Prieto Gonzalez, Cesar"]
[Black "Yela Garcia, Carlos"]
[Result "0-1"]
[WhiteElo "1505"]
[BlackElo "1546"]
[PlyCount "85"]
[EventDate "2019.01.07"]
[EventType "swiss"]
[EventRounds "9"]
[EventCountry "ESP"]
[SourceTitle "Ajedrez en Madrid"]
[Source "lmi"]
[SourceDate "2019.01.07"]
[SourceVersion "1"]
[SourceVersionDate "2019.01.22"]
[SourceQuality "1"]

1. e4 e5 2. Nf3 Nc6 3. Bb5 Bc5 4. O-O Nge7 5. c3 Bb6 6. d4 exd4 7. cxd4 d5 8.
exd5 Nxd5 9. Re1+ Be6 10. Ng5 O-O 11. Nxe6 fxe6 12. Bxc6 bxc6 13. Be3 Qf6 14.
Qd2 Ba5 15. Qxa5 Nxe3 16. Qd2 Nc4 17. Qe2 Kh8 18. Nc3 Nd6 19. Rad1 Rad8 20. Rd2
Nf5 21. Qxe6 Qxe6 22. Rxe6 Nxd4 23. Re7 Nf3+ 24. gxf3 Rxd2 25. Rxc7 h6 26. Ne4
Rxb2 27. Kg2 Rxa2 28. Rxc6 a5 29. Nc3 Rc2 30. Rc5 Rd8 31. Rxa5 Rxc3 32. Ra2
Rdd3 33. Re2 Rxf3 34. Rd2 Rfd3 35. Re2 Rd1 36. Rb2 Rcc1 37. Ra2 Rg1+ 38. Kh3
Rc3+ 39. Kh4 Kh7 40. f4 Rc4 41. Rf2 g5+ 42. Kh3 Rxf4 43. Rf1 0-1

[Event "Madrid ch Veteranos 2018-2019"]
[Site "Madrid ESP"]
[Date "2019.01.15"]
[Round "7.28"]
[White "Garcia Lafuente, Luis"]
[Black "Martin Rodriguez, Jose Luis"]
[Result "1/2-1/2"]
[WhiteElo "1556"]
[BlackElo "1285"]
[PlyCount "55"]
[EventDate "2019.01.07"]
[EventType "swiss"]
[EventRounds "9"]
[EventCountry "ESP"]
[SourceTitle "Ajedrez en Madrid"]
[Source "lmi"]
[SourceDate "2019.01.07"]
[SourceVersion "1"]
[SourceVersionDate "2019.01.22"]
[SourceQuality "1"]

1. b3 Nf6 2. Bb2 e6 3. Nf3 Nc6 4. e3 d5 5. Bb5 a6 6. Bxc6+ bxc6 7. O-O Bd6 8.
Ne5 Bb7 9. f4 Bc5 10. d4 Be7 11. Nd2 c5 12. c4 a5 13. Ndf3 h6 14. Qc2 Ne4 15.
Rad1 c6 16. dxc5 Bxc5 17. Bd4 Qe7 18. Nd3 Bxd4 19. Nxd4 O-O 20. Ne5 Qd8 21.
Nexc6 Bxc6 22. Nxc6 Qb6 23. Nd4 Rac8 24. Rf3 f5 25. Qd3 Rfe8 26. h3 Qb4 27. a3
Qxa3 28. Nb5 1/2-1/2

[Event "Madrid ch Veteranos 2018-2019"]
[Site "Madrid ESP"]
[Date "2019.01.16"]
[Round "8.1"]
[White "Sanchez Peral, Pedro"]
[Black "Elissalt Cardenas, Hector"]
[Result "0-1"]
[WhiteElo "1873"]
[BlackElo "2303"]
[PlyCount "70"]
[EventDate "2019.01.07"]
[EventType "swiss"]
[EventRounds "9"]
[EventCountry "ESP"]
[SourceTitle "Ajedrez en Madrid"]
[Source "lmi"]
[SourceDate "2019.01.07"]
[SourceVersion "1"]
[SourceVersionDate "2019.01.22"]
[SourceQuality "1"]

1. e4 d6 2. d4 Nf6 3. Nc3 e5 4. dxe5 dxe5 5. Qxd8+ Kxd8 6. Bg5 Be6 7. Nf3 Nbd7
8. O-O-O Kc8 9. Bd3 Ne8 10. Be3 f6 11. h3 c6 12. a3 Kc7 13. Nd2 b5 14. Nb3 a5
15. Nxb5+ cxb5 16. Bxb5 a4 17. Bxd7 Bxd7 18. Nc5 Bc8 19. Rd5 Nd6 20. Rhd1 Be7
21. f3 Nc4 22. Bf2 Nb6 23. R5d2 Ra5 24. Nd3 Nc4 25. Re2 Rb5 26. c3 Rd8 27. Nb4
Rxd1+ 28. Kxd1 Be6 29. Kc2 Ra5 30. Re1 Ra8 31. Rd1 Nxa3+ 32. Kc1 Bxb4 33. cxb4
Nc4 34. Bc5 a3 35. bxa3 Rxa3 0-1

[Event "Madrid ch Veteranos 2018-2019"]
[Site "Madrid ESP"]
[Date "2019.01.16"]
[Round "8.2"]
[White "Lopez de Turiso, Jose Angel"]
[Black "Cabañas Bravo, Juan Andres"]
[Result "1-0"]
[WhiteElo "1950"]
[BlackElo "1965"]
[PlyCount "111"]
[EventDate "2019.01.07"]
[EventType "swiss"]
[EventRounds "9"]
[EventCountry "ESP"]
[SourceTitle "Ajedrez en Madrid"]
[Source "lmi"]
[SourceDate "2019.01.07"]
[SourceVersion "1"]
[SourceVersionDate "2019.01.22"]
[SourceQuality "1"]

1. d4 Nf6 2. c4 c5 3. Nf3 cxd4 4. Nxd4 e5 5. Nb5 d5 6. cxd5 Bc5 7. N5c3 O-O 8.
h3 e4 9. g4 e3 10. Bxe3 Bxe3 11. fxe3 Re8 12. Qd4 Nfd7 13. Nd2 Qh4+ 14. Kd1 Na6
15. Kc2 Nb6 16. Bg2 Bd7 17. Raf1 Rac8 18. Kb1 Qg3 19. Bf3 Qd6 20. Nde4 Qg6 21.
h4 h6 22. h5 Qh7 23. Ka1 Rc4 24. Qd1 Nb4 25. a3 Rxc3 26. Nxc3 Nc2+ 27. Ka2 Nxe3
28. Qb1 Nxf1 29. Qxh7+ Kxh7 30. Rxf1 Re3 31. Nd1 Re5 32. e4 Nc4 33. Rf2 b5 34.
b3 Nd6 35. Re2 a5 36. Nf2 a4 37. Nd3 axb3+ 38. Kxb3 Re7 39. e5 Nc4 40. Kb4 Be8
41. a4 f6 42. exf6 Rxe2 43. Bxe2 Ne3 44. axb5 Nxd5+ 45. Kc5 Nc3 46. b6 Na4+ 47.
Kd6 Nxb6 48. Ke7 Bxh5 49. gxh5 Nd5+ 50. Kf7 Nxf6 51. Nf4 Nxh5 52. Bxh5 g5 53.
Bg6+ Kh8 54. Ne6 g4 55. Kf8 g3 56. Nd8 1-0

[Event "Madrid ch Veteranos 2018-2019"]
[Site "Madrid ESP"]
[Date "2019.01.16"]
[Round "8.3"]
[White "Martin Martin, Luis Vicente"]
[Black "Sanchez Garcia, Aurelio"]
[Result "1/2-1/2"]
[WhiteElo "1981"]
[BlackElo "2058"]
[PlyCount "22"]
[EventDate "2019.01.07"]
[EventType "swiss"]
[EventRounds "9"]
[EventCountry "ESP"]
[SourceTitle "Ajedrez en Madrid"]
[Source "lmi"]
[SourceDate "2019.01.07"]
[SourceVersion "1"]
[SourceVersionDate "2019.01.22"]
[SourceQuality "1"]

1. d4 c5 2. c3 cxd4 3. cxd4 d5 4. Nc3 Nf6 5. Nf3 Nc6 6. Bf4 Bf5 7. e3 e6 8. Qb3
Bb4 9. Bb5 O-O 10. O-O Bd6 11. Bxd6 Qxd6 1/2-1/2

[Event "Madrid ch Veteranos 2018-2019"]
[Site "Madrid ESP"]
[Date "2019.01.16"]
[Round "8.4"]
[White "Esteban Amo, Jose M"]
[Black "Garcia Martin, Esteban"]
[Result "0-1"]
[WhiteElo "1888"]
[BlackElo "1856"]
[PlyCount "82"]
[EventDate "2019.01.07"]
[EventType "swiss"]
[EventRounds "9"]
[EventCountry "ESP"]
[SourceTitle "Ajedrez en Madrid"]
[Source "lmi"]
[SourceDate "2019.01.07"]
[SourceVersion "1"]
[SourceVersionDate "2019.01.22"]
[SourceQuality "1"]

1. d4 Nf6 2. Bf4 d5 3. e3 c5 4. c3 Nc6 5. Nd2 e6 6. Bd3 Bd6 7. Bg3 e5 8. dxc5
Bxc5 9. Bb5 Qe7 10. Ngf3 Bd6 11. O-O O-O 12. h3 a6 13. Bxc6 bxc6 14. c4 Rd8 15.
cxd5 cxd5 16. Rc1 Bb7 17. Re1 h6 18. a3 Kh8 19. Nh2 Ne4 20. Nxe4 dxe4 21. Qh5
Qe6 22. Bh4 Rf8 23. Red1 a5 24. g4 f5 25. g5 Kh7 26. g6+ Kg8 27. Bg5 Be7 28.
Rc7 Bxg5 29. Rdd7 Bf6 30. Rxb7 Rfd8 31. Rf7 Rab8 32. Kg2 Rxb7 33. Rxb7 Bg5 34.
Nf1 f4 35. h4 Bf6 36. Nh2 Qc8 37. Rf7 f3+ 38. Kg3 Rd1 39. Nxf3 exf3 40. Qxf3
Rg1+ 41. Kh2 Rxg6 0-1

[Event "Madrid ch Veteranos 2018-2019"]
[Site "Madrid ESP"]
[Date "2019.01.16"]
[Round "8.5"]
[White "Gil Sierra, Jacinto"]
[Black "Viñas Lopez, Carlos"]
[Result "1/2-1/2"]
[WhiteElo "1914"]
[BlackElo "1879"]
[PlyCount "27"]
[EventDate "2019.01.07"]
[EventType "swiss"]
[EventRounds "9"]
[EventCountry "ESP"]
[SourceTitle "Ajedrez en Madrid"]
[Source "lmi"]
[SourceDate "2019.01.07"]
[SourceVersion "1"]
[SourceVersionDate "2019.01.22"]
[SourceQuality "1"]

1. e4 c5 2. Nf3 e6 3. d4 cxd4 4. Nxd4 Nf6 5. Nc3 Nc6 6. Ndb5 Bc5 7. Bf4 O-O 8.
Bd6 Qb6 9. Bxc5 Qxc5 10. Qd6 Qxd6 11. Nxd6 Ne8 12. O-O-O Nxd6 13. Rxd6 Ne7 14.
Bb5 1/2-1/2

[Event "Madrid ch Veteranos 2018-2019"]
[Site "Madrid ESP"]
[Date "2019.01.16"]
[Round "8.7"]
[White "Camarero Izquierdo, Juan Carlos"]
[Black "Martin Rodriguez, Emilio"]
[Result "0-1"]
[WhiteElo "1860"]
[BlackElo "2028"]
[PlyCount "40"]
[EventDate "2019.01.07"]
[EventType "swiss"]
[EventRounds "9"]
[EventCountry "ESP"]
[SourceTitle "Ajedrez en Madrid"]
[Source "lmi"]
[SourceDate "2019.01.07"]
[SourceVersion "1"]
[SourceVersionDate "2019.01.22"]
[SourceQuality "1"]

1. d4 d5 2. Nc3 Nf6 3. Bg5 c5 4. e4 Nxe4 5. Nxe4 dxe4 6. d5 Qb6 7. b3 g6 8. Qd2
Bg7 9. O-O-O h6 10. Be3 a5 11. a4 Bd7 12. Bc4 Bxa4 13. d6 e6 14. Ne2 Bc6 15.
Nf4 Bd7 16. c3 Nc6 17. f3 Ne5 18. fxe4 a4 19. Nd3 axb3 20. Bxc5 Nxc4 0-1

[Event "Madrid ch Veteranos 2018-2019"]
[Site "Madrid ESP"]
[Date "2019.01.16"]
[Round "8.9"]
[White "Campos Calvo-Sotelo, Juan"]
[Black "Largo Barbero, Benito"]
[Result "1-0"]
[WhiteElo "1811"]
[BlackElo "1872"]
[PlyCount "49"]
[EventDate "2019.01.07"]
[EventType "swiss"]
[EventRounds "9"]
[EventCountry "ESP"]
[SourceTitle "Ajedrez en Madrid"]
[Source "lmi"]
[SourceDate "2019.01.07"]
[SourceVersion "1"]
[SourceVersionDate "2019.01.22"]
[SourceQuality "1"]

1. b4 e5 2. a3 d5 3. e3 Bd6 4. c4 c6 5. Bb2 Nf6 6. Nf3 Nbd7 7. Nc3 O-O 8. Rc1
e4 9. Nd4 Ne5 10. cxd5 cxd5 11. h3 Re8 12. Ncb5 Bb8 13. Qc2 Re7 14. Qxc8 Bc7
15. Qxd8+ Bxd8 16. Nf5 Re8 17. Nbd6 Re6 18. Nxb7 Bb6 19. Nc5 Bxc5 20. Rxc5 Nfd7
21. Rxd5 Rc8 22. Nd4 Rg6 23. Bb5 Nd3+ 24. Bxd3 Nb6 25. Bxe4 1-0

[Event "Madrid ch Veteranos 2018-2019"]
[Site "Madrid ESP"]
[Date "2019.01.16"]
[Round "8.10"]
[White "Perez Cameselle, Francisco"]
[Black "Lopez Heras, Arturo"]
[Result "1/2-1/2"]
[WhiteElo "1767"]
[BlackElo "1858"]
[PlyCount "94"]
[EventDate "2019.01.07"]
[EventType "swiss"]
[EventRounds "9"]
[EventCountry "ESP"]
[SourceTitle "Ajedrez en Madrid"]
[Source "lmi"]
[SourceDate "2019.01.07"]
[SourceVersion "1"]
[SourceVersionDate "2019.01.22"]
[SourceQuality "1"]

1. e4 c5 2. d3 d6 3. Nf3 Nc6 4. g3 Nf6 5. Nbd2 g6 6. Bg2 Bg7 7. O-O O-O 8. Qe2
Bg4 9. h3 Nd4 10. Qd1 Nxf3+ 11. Nxf3 Bd7 12. Re1 Bc6 13. c4 Nd7 14. d4 Nb6 15.
d5 Bd7 16. Qe2 Re8 17. Bf4 Na4 18. e5 Qb6 19. b3 Nc3 20. Qe3 Qa5 21. Rec1 Na4
22. bxa4 Qxa4 23. Qb3 Qa6 24. a4 Bf5 25. Ra2 h6 26. exd6 exd6 27. Qb5 Qxb5 28.
axb5 Bf8 29. Re1 g5 30. Rxe8 Rxe8 31. Be3 Ra8 32. Nd2 a6 33. bxa6 Rxa6 34. Rb2
b6 35. Ne4 Bg7 36. Rb3 Be5 37. f4 Ra1+ 38. Kh2 Ra2 39. Nd2 Bd4 40. Bxd4 Rxd2
41. Be3 Rc2 42. Kg1 Rxc4 43. Rxb6 Rc3 44. Bf2 Rc1+ 45. Kh2 Rc2 46. Kg1 Rc1+ 47.
Kh2 Rc2 1/2-1/2

[Event "Madrid ch Veteranos 2018-2019"]
[Site "Madrid ESP"]
[Date "2019.01.16"]
[Round "8.11"]
[White "Minguela Muñoz, Bienvenido"]
[Black "Fernandez Garcia, Ignacio"]
[Result "1-0"]
[WhiteElo "1802"]
[BlackElo "1769"]
[PlyCount "69"]
[EventDate "2019.01.07"]
[EventType "swiss"]
[EventRounds "9"]
[EventCountry "ESP"]
[SourceTitle "Ajedrez en Madrid"]
[Source "lmi"]
[SourceDate "2019.01.07"]
[SourceVersion "1"]
[SourceVersionDate "2019.01.22"]
[SourceQuality "1"]

1. Nf3 d6 2. d4 Nf6 3. c4 g6 4. Nc3 Bg7 5. e4 O-O 6. Bg5 Bg4 7. Be2 Nc6 8. O-O
e5 9. dxe5 dxe5 10. Qxd8 Nxd8 11. Bxf6 Bxf6 12. Nd5 Bg7 13. Nxc7 Rc8 14. Nd5
Re8 15. h3 Bxf3 16. gxf3 Ne6 17. b3 Nd4 18. Bd1 f5 19. a4 Kf7 20. Ra2 f4 21. a5
Bf6 22. Kg2 Bd8 23. a6 b6 24. Rd2 g5 25. h4 gxh4 26. Nxf4 Bg5 27. Rxd4 exd4 28.
Nd3 Rc6 29. f4 h3+ 30. Kh2 Be7 31. Ne5+ Kf8 32. Nxc6 Ba3 33. Nxd4 Rxe4 34. Nb5
Re7 35. Nxa3 1-0

[Event "Madrid ch Veteranos 2018-2019"]
[Site "Madrid ESP"]
[Date "2019.01.16"]
[Round "8.13"]
[White "Tudela Garcia, Antonio"]
[Black "Garcia Diez, Mariano"]
[Result "0-1"]
[WhiteElo "1568"]
[BlackElo "1887"]
[PlyCount "109"]
[EventDate "2019.01.07"]
[EventType "swiss"]
[EventRounds "9"]
[EventCountry "ESP"]
[SourceTitle "Ajedrez en Madrid"]
[Source "lmi"]
[SourceDate "2019.01.07"]
[SourceVersion "1"]
[SourceVersionDate "2019.01.22"]
[SourceQuality "1"]

1. e4 c5 2. Nc3 d6 3. f4 Nc6 4. Nf3 g6 5. Bb5 Bd7 6. O-O Bg7 7. Bxc6 Bxc6 8. d3
Qd7 9. Qe1 f5 10. exf5 Bxf3 11. Rxf3 gxf5 12. Nd5 O-O-O 13. Qa5 Kb8 14. Be3 e6
15. Nc3 Ne7 16. Rb1 Nc6 17. Qa3 Rhg8 18. Rg3 h5 19. h4 Bd4 20. Bxd4 Rxg3 21.
Bf6 Ne7 22. Qa4 Rg6 23. Bg5 Qxa4 24. Nxa4 Re8 25. Nc3 a6 26. Re1 b5 27. Ne2 Nd5
28. c3 Kc7 29. Kf2 Nf6 30. Ng3 Kd7 31. Kf3 Rb8 32. Kf2 d5 33. Re2 c4 34. d4
Ne4+ 35. Nxe4 dxe4 36. g3 b4 37. Rd2 bxc3 38. bxc3 Kc6 39. Be7 Rb7 40. Bg5 Rg8
41. Bf6 a5 42. Be5 Ra8 43. Ke3 Ra6 44. d5+ exd5 45. Bd4 a4 46. Rc2 Ra5 47. Kd2
Rab5 48. Kc1 a3 49. Kd1 Rb1+ 50. Rc1 Rxc1+ 51. Kxc1 Rb2 52. Bg7 Rxa2 53. Bf8
Rg2 54. Bxa3 Rxg3 55. Be7 0-1

[Event "Madrid ch Veteranos 2018-2019"]
[Site "Madrid ESP"]
[Date "2019.01.16"]
[Round "8.14"]
[White "Rueda Maria, Ramiro"]
[Black "Diaz Begonte, Manuel"]
[Result "0-1"]
[WhiteElo "1819"]
[BlackElo "1552"]
[PlyCount "74"]
[EventDate "2019.01.07"]
[EventType "swiss"]
[EventRounds "9"]
[EventCountry "ESP"]
[SourceTitle "Ajedrez en Madrid"]
[Source "lmi"]
[SourceDate "2019.01.07"]
[SourceVersion "1"]
[SourceVersionDate "2019.01.22"]
[SourceQuality "1"]

1. Nf3 d5 2. d4 Nf6 3. c4 c6 4. cxd5 Qxd5 5. Nc3 Qa5 6. Qc2 Bf5 7. Qb3 Qb6 8.
Qxb6 axb6 9. Nd2 e6 10. g3 Na6 11. a3 Nb4 12. e4 Bg6 13. Kd1 Ng4 14. Ke2 Nc2
15. Nb3 Nxa1 16. Nxa1 b5 17. Nc2 Nf6 18. Bg2 Be7 19. Be3 O-O 20. f3 Nd7 21. Kd2
Nb6 22. Bf1 Nc4+ 23. Bxc4 bxc4 24. Na2 Rfd8 25. Kc3 b5 26. Nab4 Bxb4+ 27. Nxb4
Rac8 28. Na6 e5 29. Rd1 f5 30. Nc5 exd4+ 31. Bxd4 fxe4 32. fxe4 Bf7 33. Re1 Re8
34. Nb7 Rc7 35. Nc5 Rce7 36. Rf1 Bg6 37. Rf4 Bxe4 0-1

[Event "Madrid ch Veteranos 2018-2019"]
[Site "Madrid ESP"]
[Date "2019.01.16"]
[Round "8.16"]
[White "Villodre Miranda, Juan Alonso"]
[Black "Hernandez Garcia, Carlos"]
[Result "0-1"]
[WhiteElo "1594"]
[BlackElo "1733"]
[PlyCount "81"]
[EventDate "2019.01.07"]
[EventType "swiss"]
[EventRounds "9"]
[EventCountry "ESP"]
[SourceTitle "Ajedrez en Madrid"]
[Source "lmi"]
[SourceDate "2019.01.07"]
[SourceVersion "1"]
[SourceVersionDate "2019.01.22"]
[SourceQuality "1"]

1. c4 e5 2. e4 Nc6 3. Nc3 Nf6 4. g3 Be7 5. Bg2 d6 6. h3 O-O 7. Nge2 Be6 8. d3
h6 9. O-O Qd7 10. Kh2 Nh7 11. f4 exf4 12. Nxf4 Ne5 13. b3 c5 14. Ncd5 Nf6 15.
Bb2 Bxd5 16. Nxd5 Nxd5 17. cxd5 Bf6 18. d4 cxd4 19. Bxd4 b6 20. Rc1 Rac8 21.
Qd2 Rxc1 22. Rxc1 Bg5 23. Be3 Bxe3 24. Qxe3 Rc8 25. g4 Rc7 26. g5 hxg5 27. Qxg5
Qc8 28. Rxc7 Qxc7 29. Qd2 Qc5 30. Kg3 Kf8 31. h4 b5 32. h5 b4 33. h6 Qc3+ 34.
Qxc3 bxc3 35. h7 Ng6 36. e5 c2 37. Be4 c1=Q 38. Bxg6 Qh6 39. Be4 dxe5 40. d6 g6
41. Bc6 0-1

[Event "Madrid ch Veteranos 2018-2019"]
[Site "Madrid ESP"]
[Date "2019.01.16"]
[Round "8.17"]
[White "Lopez Peral, Enrique"]
[Black "Olmos Sanz, Francisco J"]
[Result "1-0"]
[WhiteElo "1702"]
[BlackElo "1574"]
[PlyCount "71"]
[EventDate "2019.01.07"]
[EventType "swiss"]
[EventRounds "9"]
[EventCountry "ESP"]
[SourceTitle "Ajedrez en Madrid"]
[Source "lmi"]
[SourceDate "2019.01.07"]
[SourceVersion "1"]
[SourceVersionDate "2019.01.22"]
[SourceQuality "1"]

1. Nf3 Nf6 2. c4 g6 3. b3 Bg7 4. Bb2 O-O 5. g3 d6 6. d4 Bg4 7. Bg2 Nc6 8. Nbd2
Rb8 9. O-O Qd7 10. Rc1 Rfd8 11. Qc2 Nb4 12. Qb1 Bh3 13. a3 Nc6 14. d5 Ne5 15.
Nxe5 dxe5 16. Bxe5 Bxg2 17. Kxg2 e6 18. Qb2 Ne8 19. Bxg7 Nxg7 20. Ne4 Qe7 21.
Nf6+ Kh8 22. dxe6 Qxe6 23. Rfd1 c6 24. e4 Rbc8 25. f3 h5 26. h3 Rd6 27. Rxd6
Qxd6 28. e5 Qe6 29. Rd1 Nf5 30. Rd7 Kg7 31. g4 Ne3+ 32. Kf2 Qxd7 33. Kxe3 Qe7
34. gxh5 gxh5 35. Qg2+ Kh8 36. Qg5 1-0

[Event "Madrid ch Veteranos 2018-2019"]
[Site "Madrid ESP"]
[Date "2019.01.16"]
[Round "8.18"]
[White "Yela Garcia, Carlos"]
[Black "Garcia Galeote, Lorenzo"]
[Result "0-1"]
[WhiteElo "1546"]
[BlackElo "1895"]
[PlyCount "98"]
[EventDate "2019.01.07"]
[EventType "swiss"]
[EventRounds "9"]
[EventCountry "ESP"]
[SourceTitle "Ajedrez en Madrid"]
[Source "lmi"]
[SourceDate "2019.01.07"]
[SourceVersion "1"]
[SourceVersionDate "2019.01.22"]
[SourceQuality "1"]

1. e4 Nc6 2. d4 d5 3. exd5 Qxd5 4. c3 e5 5. Qe2 Bf5 6. Qb5 O-O-O 7. Qxd5 Rxd5
8. Bc4 Rd8 9. Nf3 f6 10. dxe5 Nxe5 11. Nxe5 Re8 12. O-O Rxe5 13. Bd2 Ne7 14.
Re1 Nc6 15. Rxe5 Nxe5 16. Bb3 Bc5 17. Be3 Bxe3 18. fxe3 Ng4 19. e4 Bd7 20. Nd2
Re8 21. h3 Ne5 22. Bc2 Bb5 23. a4 Ba6 24. b4 Rd8 25. Nf3 Bd3 26. Ne1 Bxc2 27.
Nxc2 Rd2 28. Nd4 Kd7 29. Rc1 b6 30. b5 Nc4 31. Nf3 Re2 32. Rd1+ Ke7 33. Nd4
Rxg2+ 34. Kxg2 Ne3+ 35. Kf3 Nxd1 36. Nc6+ Kd6 37. c4 Nb2 38. Nxa7 Nxa4 39. Nc6
Nb2 40. Nd4 g6 41. Kf4 Nxc4 42. Nf3 Ne5 43. Nxe5 fxe5+ 44. Kg5 c5 45. bxc6 b5
46. Kh6 b4 47. Kxh7 b3 48. Kxg6 b2 49. c7 Kxc7 0-1

[Event "Madrid ch Veteranos 2018-2019"]
[Site "Madrid ESP"]
[Date "2019.01.16"]
[Round "8.19"]
[White "Barahona Torrijos, Angel"]
[Black "Infante Martin, Alonso"]
[Result "0-1"]
[WhiteElo "1735"]
[BlackElo "1348"]
[PlyCount "54"]
[EventDate "2019.01.07"]
[EventType "swiss"]
[EventRounds "9"]
[EventCountry "ESP"]
[SourceTitle "Ajedrez en Madrid"]
[Source "lmi"]
[SourceDate "2019.01.07"]
[SourceVersion "1"]
[SourceVersionDate "2019.01.22"]
[SourceQuality "1"]

1. e4 e5 2. Nf3 Nc6 3. Nc3 Nf6 4. Bb5 d6 5. d4 Bd7 6. O-O a6 7. Bxc6 Bxc6 8.
dxe5 Nxe4 9. Nxe4 Bxe4 10. exd6 Bxd6 11. Qd4 Bxf3 12. Re1+ Kf8 13. Qc3 Bc6 14.
Qh3 Qf6 15. Be3 Rd8 16. Rad1 Bd7 17. Qh5 h6 18. Bd4 Qg5 19. Qf3 Bc6 20. Qh3 h5
21. Be5 Rh6 22. Bxd6+ Rhxd6 23. Rd3 Rxd3 24. cxd3 Rxd3 25. f3 Kg8 26. Qc8+ Kh7
27. Qxc7 Rd2 0-1

[Event "Madrid ch Veteranos 2018-2019"]
[Site "Madrid ESP"]
[Date "2019.01.16"]
[Round "8.20"]
[White "Menendez Domes, Juan"]
[Black "Martinez Miura, Enrique"]
[Result "0-1"]
[WhiteElo "1393"]
[BlackElo "1661"]
[PlyCount "54"]
[EventDate "2019.01.07"]
[EventType "swiss"]
[EventRounds "9"]
[EventCountry "ESP"]
[SourceTitle "Ajedrez en Madrid"]
[Source "lmi"]
[SourceDate "2019.01.07"]
[SourceVersion "1"]
[SourceVersionDate "2019.01.22"]
[SourceQuality "1"]

1. e4 e6 2. d4 d5 3. exd5 exd5 4. Nf3 Bd6 5. Bd3 Nf6 6. b3 O-O 7. Ba3 Qe7+ 8.
Qe2 Bxa3 9. Nxa3 Qxa3 10. O-O Bg4 11. Rfe1 Nc6 12. h3 Nxd4 13. Qe7 Qxe7 14.
Rxe7 Bxf3 15. gxf3 Nxf3+ 16. Kg2 Nh4+ 17. Kg3 Ng6 18. Rxc7 Rab8 19. Bf5 Rfe8
20. f3 Re7 21. Rc3 Nh5+ 22. Kf2 Ngf4 23. Rg1 Re2+ 24. Kf1 Rbe8 25. Rc8 Rxc8 26.
Bxc8 Rxc2 27. a4 Rxc8 0-1

[Event "Madrid ch Veteranos 2018-2019"]
[Site "Madrid ESP"]
[Date "2019.01.16"]
[Round "8.21"]
[White "Rodriguez Bachiller, Luis"]
[Black "Martinez Martinez, Javier II"]
[Result "1-0"]
[WhiteElo "1613"]
[BlackElo "1604"]
[PlyCount "69"]
[EventDate "2019.01.07"]
[EventType "swiss"]
[EventRounds "9"]
[EventCountry "ESP"]
[SourceTitle "Ajedrez en Madrid"]
[Source "lmi"]
[SourceDate "2019.01.07"]
[SourceVersion "1"]
[SourceVersionDate "2019.01.22"]
[SourceQuality "1"]

1. e4 e5 2. Nf3 Nc6 3. Bc4 Nf6 4. d4 exd4 5. Nxd4 Be7 6. Nxc6 dxc6 7. Qxd8+
Bxd8 8. O-O O-O 9. Nc3 b5 10. Bd3 b4 11. Na4 Re8 12. f3 Be7 13. Be3 a5 14. Bc5
Nd7 15. Bxe7 Rxe7 16. b3 Kf8 17. Rfd1 Ba6 18. Bxa6 Rxa6 19. Rd2 c5 20. Rad1 Ke8
21. Rxd7 Rxd7 22. Rxd7 Rc6 23. Rd5 c4 24. Rc5 cxb3 25. axb3 Kd7 26. Rxc6 Kxc6
27. Kf2 Kb5 28. Ke3 c5 29. f4 h5 30. h4 c4 31. Kd4 cxb3 32. cxb3 Kc6 33. e5 f5
34. Kc4 g6 35. Nc5 1-0